Hướng dẫn sử dụng Norton Antivirus 2004
Trình bày cách sử dụng Norton Anti Virus 2004 cùng những công cụ khác nhau trong Norton System Works. Qua đó bạn có thể hiểu tác hại của sự lây lan virus và cách phòng chống chúng. Đặc biệt bạn có thể phục hồi cài file bị xoá hay mất, tạo các ảnh đĩ...
Guardat en:
| Autor principal: | |
|---|---|
| Format: | Llibre |
| Idioma: | Undetermined |
| Publicat: |
Hà Nội
Thống kê
2004
|
| Matèries: | |
| Etiquetes: |
Afegir etiqueta
Sense etiquetes, Sigues el primer a etiquetar aquest registre!
|
| Thư viện lưu trữ: | Trung tâm Học liệu Trường Đại học Cần Thơ |
|---|
| LEADER | 01032nam a2200205Ia 4500 | ||
|---|---|---|---|
| 001 | CTU_97660 | ||
| 008 | 210402s9999 xx 000 0 und d | ||
| 020 | |c 49000 | ||
| 082 | |a 005.3 | ||
| 082 | |b Kh107 | ||
| 100 | |a Nguyễn, Công Khanh | ||
| 245 | 0 | |a Hướng dẫn sử dụng Norton Antivirus 2004 | |
| 245 | 0 | |c Nguyễn Công Khanh | |
| 260 | |a Hà Nội | ||
| 260 | |b Thống kê | ||
| 260 | |c 2004 | ||
| 520 | |a Trình bày cách sử dụng Norton Anti Virus 2004 cùng những công cụ khác nhau trong Norton System Works. Qua đó bạn có thể hiểu tác hại của sự lây lan virus và cách phòng chống chúng. Đặc biệt bạn có thể phục hồi cài file bị xoá hay mất, tạo các ảnh đĩa cứng, đồng thời xử lí các lỗi và sự cố thường gặp | ||
| 650 | |a Vi-rút máy tính,Computer viruses | ||
| 904 | |i Tuyến | ||
| 980 | |a Trung tâm Học liệu Trường Đại học Cần Thơ | ||